Democracia y audiovisual : fundamentos normativos para una reforma del régimen español / Joan Barata i Mir ; prólogo de Victoria Camps fundamentos normativos para una reforma del régimen español / Joan Barata i Mir ; prólogo de Victoria Camps
ISBN:
978-84-9768-337-1
Publicado:
Barcelona :
Diputació de Barcelona ; Madrid : Marcial Pons, Ediciones Jurídicas y Sociales ,
2006
Descripción Física:
278 p. ; 24 cm
Otros Autores:
Camps, Victòria, pr
MARC
| LEADER | 00000nam a2200000Ia 4500 | ||
|---|---|---|---|
| 001 | 18252 | ||
| 008 | 160829s2006 xx 000 0 cat d | ||
| 020 | |a 978-84-9768-337-1 | ||
| 080 | |a C-2-223 | ||
| 100 | |a Barata i Mir, Joan |9 26501 | ||
| 245 | |a Democracia y audiovisual : |b fundamentos normativos para una reforma del régimen español / Joan Barata i Mir ; prólogo de Victoria Camps | ||
| 260 | |a Barcelona : |b Diputació de Barcelona ; Madrid : |b Marcial Pons, Ediciones Jurídicas y Sociales, |c 2006 | ||
| 300 | |a 278 p. ; |c 24 cm | ||
| 590 | |a Bibliografia | ||
| 650 | 0 | |a Llibertat d'informació |z Espanya |9 11221 | |
| 650 | |a Audiovisuals |x Espanya |9 26503 | ||
| 700 | |a Camps, Victòria, pr. |9 26504 | ||
| 710 | 1 | |a Barcelona (Catalunya : Província). |b Diputació |9 52408 | |
| 901 | |a Arxiu | ||
| 942 | |n 1 | ||
| 952 | |0 0 |1 0 |4 0 |6 C2223 |7 1 |9 44005 |a Arxiu |b Arxiu |d 2016-12-01 |l 0 |o C-2-223 |p 18252 |r 2016-12-01 00:00:00 |w 2016-12-01 |y ARXIU | ||
| 999 | |c 46585 |d 46585 | ||